| 000 | 01417nam a22003015i 4500 | ||
|---|---|---|---|
| 999 |
_c27944 _d27915 |
||
| 003 | EG-ScBUE | ||
| 005 | 20200104131815.0 | ||
| 008 | 200104s2019 ua f l 000 0 eng d | ||
| 040 |
_aEG-ScBUE _beng _erda _cEG-ScBUE _dEG-ScBUE |
||
| 041 | 1 |
_aeng _aara _hara |
|
| 043 | _af-ua--- | ||
| 082 | 0 | 4 |
_a344.6201 _bLAB _222 |
| 110 | 1 | _aEgypt. | |
| 245 | 1 | 0 |
_aLabour law : _bNo. 12/2003 amended by laws Nos. 90/2005 and 180/2008 = قانون العمل : رقم 12 لسنة 2003 معدل بالقوانين بأرقام 90 لسنة 2005 و 180 لسنة 2008 / _ctranslated by The Middle East Library for Economic Services. |
| 246 | 3 | 1 |
_aقانون العمل : _bرقم 12 لسنة 2003 معدل بالقوانين بأرقام 90 لسنة 2005 و 180 لسنة 2008 |
| 264 | 1 |
_aCairo : _bThe Middle East Library for Economic Services, _c2019. |
|
| 300 |
_a1 volume ; _c28 cm |
||
| 336 |
_atext _btxt _2rdacontent |
||
| 337 |
_aunmediated _bn _2rdamedia |
||
| 338 |
_avolume _bnc _2rdacarrier |
||
| 500 | _a"Code 295D"-- title page. | ||
| 546 | _aText in English and Arabic; translated from original Arabic. | ||
| 650 | 7 |
_aالعمل والعمال _xقوانين وتشريعات _zمصر. _2BUEsh _910938 |
|
| 650 | 7 |
_aعقود العمل _xقوانين وتشريعات _zمصر. _2BUEsh _940965 |
|
| 653 |
_bLLAAWW _cJanuary2020 |
||
| 710 | 2 |
_aThe Middle East Library for Economic Services, _etranslator. |
|
| 942 |
_2ddc _cBB |
||